01578 a2200205 45000010006000000050017000060080041000230030015000640400040000790800055001192450030001742640047002043000019002515050916002709420007011865900036011931000021012299990015012509520107012655430220260407155814.0260407a1962 arg spa dAR-UNSa-BCEJYS aAR-UNSa-BCEJYSbspacAR-UNSa-BCEJYS a330.32xNueva formación de capital (Inversión)10aLa inversión bursátil 1aBuenos Aires :bSelección Contablec1962 a188 p.c23 cm. a1. La sociedad anónima - 2. Tipos de acciones - 3. La organización del mercado de valores - 4. El mecanismo de la operación bursátil - 5. Operaciones a término, de pase y de caución - 6. el cálculo del rendimiento - 7. La emisión de acciones - 8. Operaciones de arbitraje - 9. El análisis de la ganancia - 10. acciones de crecimiento - 11. El análisisi de la empresa - 12. Indices bursátiles - 13. El cálculo de la utilidad total de la inversión en acciones - 14. La Bolsa y el desarrollo económico - 15. Las fluctuaciones en las cotizaciones bursátiles - 16. Inversión, especulación y juego - 17. Técnica de la inversión bursátil - 18. Reglas generales para el inversor - 19. Criterios de valuación de acciones - 20. Fondos comunes de inversión - 21. El tratamiento impositivo de la inversión bursátil - 22. La significación económica del Mercado de Valores cBK aniveau_biblio:m niveau_hierar:01 aAlemann, Juan E. c5471d5471 00104070aBCEJYSbBCEJYSc16d2026-04-07l0o330.32 A367pL21085r2026-04-07 15:58:14w2026-04-07yL